Quizz Pop Culture - Statistiques

Statistiques générales
  • Ce quiz a été pris 1 118 fois
  • Le résultat moyen est 10 sur 15
Statistiques - réponses
Questions Réponses % Correct
Quel acteur joue Jack dans Titanic ? Leonardo DiCaprio
95%
Dans Friends, combien sont-ils dans le groupe principal ? 6
94%
Comment s’appelle l’école de magie d’Harry Potter ? Poudlard
94%
Quel film de James Cameron met en scène les Na’vi ? Avatar
86%
Dans Star Wars, comment s’appelle le père de Luke Skywalker ? Dark Vador
86%
Quel groupe a chanté Bohemian Rhapsody ? Queen
85%
Quelle série met en scène le personnage de Walter White ? Breaking Bad
77%
Quel artiste est surnommé le King of Pop ? Michael Jackson
77%
Quelle série se déroule dans la ville fictive de Hawkins ? Stranger Things
75%
Quel festival a lieu chaque année dans le désert de Californie ? Coachella
61%
Quelle chanteuse a sorti l’album 1989 ? Taylor Swift
53%
Quel super-héros est surnommé l’Homme d’Acier ? Superman
46%
Comment s’appelle le trône dans Game of Thrones ? Trône de Fer
43%
Quel est le nom du bébé dans The Mandalorian ? Grogu
32%
Quel rappeur français a sorti L’école du micro d’argent ? IAM
28%
Aucun quiz correspondant
Distribution des résultats
% des personnes avec chaque résultat
Percentile par nombre de réponses
Votre historique - résultats
Vous n’avez pas pris ce quiz